书目信息 |
| 题名: |
建筑工程测量
|
|
| 作者: | 李向民 主编 ;王伟 , 李智慧 , 蒋霖 参编 | |
| 分册: | ||
| 出版信息: | 北京 机械工业出版社 2011.02 |
|
| 页数: | 251页 | |
| 开本: | 26cm | |
| 丛书名: | 全国高等职业教育示范专业规划教材 | |
| 单 册: | ||
| 中图分类: | TU198 | |
| 科图分类: | ||
| 主题词: | 建筑测量--jian zhu ce liang--高等学校--技术学校--教材 | |
| 电子资源: | ||
| ISBN: | 978-7-111-32848-3 | |
| 000 | 01676nam 2200325 450 | |
| 001 | 296120 | |
| 005 | 20110722192337.25 | |
| 010 | @a978-7-111-32848-3@dCNY29.00 | |
| 100 | @a20110303d2011 km y0chiy50 ea | |
| 101 | 0 | @achi |
| 102 | @aCN@b110000 | |
| 105 | @aak a 000yy | |
| 106 | @ar | |
| 200 | 1 | @a建筑工程测量@Ajian zhu gong cheng ce liang@f主编李向民@g参编王伟, 蒋霖, 李智慧 |
| 210 | @a北京@c机械工业出版社@d2011.02 | |
| 215 | @a251页@c图@d26cm | |
| 225 | 2 | @a全国高等职业教育示范专业规划教材@Aquan guo gao deng zhi ye jiao yu shi fan zhuan ye gui hua jiao cai |
| 320 | @a有书目 | |
| 330 | @a本书共分100个单元,内容包括绪论、水准测量、角度测量、距离测量和坐标测量、控制测量、地形图测绘与应用、施工测量的基本工作、建筑施工测量、建筑变形测量与竣工总图编绘、线路施工测量。每个单元均有能力目标、学习重点与难点、单元小结、思考与拓展题。本书深入浅出,内容丰富,注重实用性,体现了高等职业教育的特点。本书根据最新的测量规范编写,反映了当代的测量新技术,并引入用计算机软件进行施工测量计算的新内容。 | |
| 333 | @a本书为高职高专院校土建类专业测量课程教材,适用于建筑工程长术、工程监理、基础工程技术、建筑工程管理、工程造价、城镇规划、建筑设计技术、园林工程技术、给排水工程技术、城市燃气工程技术、建筑设备工程技术、建筑电气工程技术、消防工程技术等专业教学使用,也可供从事以上专业的技术人员参考。 | |
| 410 | 0 | @12001 @a全国高等职业教育示范专业规划教材 |
| 586 | @a | |
| 606 | 0 | @a建筑测量@Ajian zhu ce liang@x高等学校@x技术学校@j教材 |
| 690 | @aTU198@v5 | |
| 701 | 0 | @a李向民@Ali xiang min@4主编 |
| 702 | 0 | @a王伟@Awang wei@4参编 |
| 702 | 0 | @a李智慧@Ali zhi hui@4参编 |
| 702 | 0 | @a蒋霖@Ajiang lin@4参编 |
| 801 | 0 | @aCN@c20110610 |
| 905 | @dTU198@eL294 | |
| 建筑工程测量/主编李向民/参编王伟, 蒋霖, 李智慧.-北京:机械工业出版社,2011.02 |
| 251页:图;26cm.-(全国高等职业教育示范专业规划教材) |
| 使用对象:本书为高职高专院校土建类专业测量课程教材,适用于建筑工程长术、工程监理、基础工程技术、建筑工程管理、工程造价、城镇规划、建筑设计技术、园林工程技术、给排水工程技术、城市燃气工程技术、建筑设备工程技术、建筑电气工程技术、消防工程技术等专业教学使用,也可供从事以上专业的技术人员参考。 |
| ISBN 978-7-111-32848-3:CNY29.00 |
| 本书共分100个单元,内容包括绪论、水准测量、角度测量、距离测量和坐标测量、控制测量、地形图测绘与应用、施工测量的基本工作、建筑施工测量、建筑变形测量与竣工总图编绘、线路施工测量。每个单元均有能力目标、学习重点与难点、单元小结、思考与拓展题。本书深入浅出,内容丰富,注重实用性,体现了高等职业教育的特点。本书根据最新的测量规范编写,反映了当代的测量新技术,并引入用计算机软件进行施工测量计算的新内容。 |
| ● |
| 相关链接 |
|
|
|
正题名:建筑工程测量
索取号:TU198/L294
 
预约/预借
| 序号 | 登录号 | 条形码 | 馆藏地/架位号 | 状态 | 备注 |
| 1 | 887691 | 208876910 | 建筑库101/101建筑库 28排2列3层/ [索取号:TU198/L294] | 在馆 | |
| 2 | 887692 | 208876929 | 建筑库101/101建筑库 28排2列3层/ [索取号:TU198/L294] | 在馆 | |
| 3 | 887693 | 208876938 | 建筑库101/101建筑库 28排2列3层/ [索取号:TU198/L294] | 在馆 | |
| 4 | 887694 | 208876947 | 建筑库101/101建筑库 28排2列3层/ [索取号:TU198/L294] | 在馆 | |
| 5 | 887695 | 208876956 | 建筑库101/101建筑库 28排2列3层/ [索取号:TU198/L294] | 在馆 |